El reino de Dios /

Fray Juan de los Angeles (1548-1609), franciscano y escritor ascético que trata en sus Diálogos sobre el amor místico de Dios. Allí medita sobre la vida interior o reino de Dios, identifica a los enemigos que dificultan entrar a ese reino y propone los ejercicios que el contemplativo deberá realizar...

Fuld beskrivelse

Guardado en:
Bibliografiske detaljer
Hovedforfatter: Angeles, Juan de (autor)
Format: Bog
Sprog:spansk
Serier:(Joyas de la Mística Española ; 13)
Fag:
Tags: Tilføj Tag
Ingen Tags, Vær først til at tagge denne postø!

MARC

LEADER 00000nam^a2200000^a^4500
001 000380903
005 20250526000000.0
009 20260310120624.998
037 |a Acervo Xavier Clavigero 
041 |a ESP 
082 |a 248. 22  |b JOY V. 13 
100 |a Angeles, Juan de,  |e (autor) 
240 1 1 |a [Diálogos de la conquista del reino de Dios] 
245 1 3 |a El reino de Dios /  |c J. de Angeles. 
264 |a Madrid, España :  |b La España,  |c copyright fecha no identificada 
300 |a 180 p. ;  |c 12.5 cm. 
336 |a texto  |b txt  |2 rdacontenido 
337 |a sin mediación  |b n  |2 rdamedio 
338 |a volumen  |b nc  |2 rdasoporte 
440 1 |a (Joyas de la Mística Española ;  |v 13) 
501 |a Encuadernación particular 
520 |a Fray Juan de los Angeles (1548-1609), franciscano y escritor ascético que trata en sus Diálogos sobre el amor místico de Dios. Allí medita sobre la vida interior o reino de Dios, identifica a los enemigos que dificultan entrar a ese reino y propone los ejercicios que el contemplativo deberá realizar para encontrar a Dios dentro de sí mismo y manifestarlo externamente. 
561 |a Ex libris de A. Espinosa M. Chavinda 
562 |a Falta cubierta 
649 |a XX 
650 |a Dios -  |x Amor 
650 |a Dios y Hombre 
650 |a Reino de Dios -  |x Tema Principal 
650 |a Vida Espiritual 
650 |a Vida Cristiana 
650 |a Ascetismo 
650 |a Misticismo Cristiano -  |z España 
650 |a Misticismo Cristiano -  |x Tema Principal 
650 |a Literatura Religiosa -  |z España 
650 |a Literatura Española -  |y Siglo XVI 
650 |a Etica Cristiana 
650 |a Teología Doctrinal 
650 |a Catolicismo 
650 |a Cristianismo 
650 |a Religión 
910 |a Fondo General 
920 |a Impresos - Libros 
930 |a Libros Antiguos y Raros 
905 |a 108 
901 |a 0500275772  |b IT2  |c LRA  |u 20250526 
902 |a https://opac.biblio.iteso.mx/vufind/Record/000380903